An analysis of the consciousness, initiatives and challenges of sustainable development at Seremban City Council
Saved in:
| 主要作者: | |
|---|---|
| 格式: | 圖書 |
| 標簽: |
添加標簽
沒有標簽, 成為第一個標記此記錄!
|
| LEADER | 00703nam a2200121 4500 | ||
|---|---|---|---|
| 040 | |a LCC | ||
| 100 | |9 575546 |a Khairin Nazry bin Karim | ||
| 245 | |a An analysis of the consciousness, initiatives and challenges of sustainable development at Seremban City Council | ||
| 264 | |a Kuala Lumpur |b Kulliyyah of Architecture and Environmental Design, International Islamic University Malaysia |c 2022 | ||
| 942 | |2 lcc | ||
| 999 | |c 516438 |d 547855 | ||
| 952 | |0 0 |1 0 |2 lcc |4 0 |7 5 |8 IIUMTHESIS |9 1016261 |a IIUM |b IIUM |c THESIS |d 2023-06-16 |e MGIFT |g 0.00 |p 11100383639 |r 2023-06-16 |w 2023-06-16 |y THESIS | ||
| 952 | |0 0 |1 0 |2 lcc |4 0 |7 5 |8 THESISSOFTCOPY |9 1016262 |a IIUM |b IIUM |c MULTIMEDIA |d 2023-06-16 |e MGIFT |g 0.00 |p 11100383640 |r 2023-06-16 |w 2023-06-16 |y THESISDIG | ||
